000 00472nam a2200181Ia 4500
001 23283
005 20260414150927.0
008 260414t2017||||xx |||||||||||||| ||spa||
041 _aESP
082 _a628.1683
_bH44S
100 _aHernández Muñoz, Aurelio
_eAUT
245 0 _aSaneamiento y alcantarillado :
_bvertidos de aguas residuales
260 _c2017
300 _axxx, 970 páginas :
_c24 cm.
650 _a0
654 _aCIC
942 _cLIB
_dJUS
_fJUS
_2ddc
_n
999 _c23283
_d23283